Statistiken für Eintracht Frankfurt - Bundesliga-Rekordtorschützen (Top 50)

Klicken Sie hier um das Quiz zu spielen!

Allgemein

  • Dieses Quiz wurde 64 mal gespielt
  • Das Durchschnittsergebnis liegt bei 16 aus 50

Antwortstatistiken

PlatzNameNationGeburtstagSpieleTore% Korrekt
4Alexander MeierDeutschland17.01.198327093
84%
19Luka JovicSerbien / Bosnien-Herzegowina23.12.19977229
84%
5Anthony YeboahGhana06.06.196612368
81%
27Sébastien HallerElfenbeinküste / Frankreich22.06.19946024
79%
12André SilvaPortugal06.11.19955740
77%
3Jürgen GrabowskiDeutschland / Polen07.07.1944441109
74%
42Ante RebicKroatien21.09.19937817
70%
9Bum-kun ChaSüdkorea22.05.195312246
68%
36Jay-Jay OkochaNigeria / Türkei14.08.19739018
68%
38Filip KosticSerbien01.11.199212918
67%
44Theofanis GekasGriechenland23.05.19803416
65%
1Bernd HölzenbeinDeutschland09.03.1946420160
61%
11Ioannis AmanatidisGriechenland03.12.198114042
60%
32Daichi KamadaJapan05.08.199612519
56%
13Uwe BeinDeutschland26.09.196015038
49%
10Karl-Heinz KörbelDeutschland01.12.195460245
46%
48Haris SeferovicSchweiz / Bosnien-Herzegowina22.02.19928616
40%
2Bernd NickelDeutschland15.03.1949426141
37%
16Andreas MöllerDeutschland02.09.196711533
35%
30Marco RussDeutschland04.08.198528023
30%
22Bruno PezzeyÖsterreich03.02.195514127
26%
18Ralf FalkenmayerDeutschland11.02.196333730
26%
15Jörn AndersenNorwegen / Deutschland03.02.19639833
25%
33Ralf WeberDeutschland31.05.196918219
23%
26Stefan AignerDeutschland20.08.198712125
21%
23Norbert NachtweihDeutschland04.06.195712326
19%
43Thomas BertholdDeutschland12.11.196411117
18%
39Uwe MüllerDeutschland / Österreich16.10.196313118
18%
6Wilhelm HubertsÖsterreich22.02.193821367
18%
47Chen YangChina17.01.19746516
16%
25Manfred BinzDeutschland22.09.196533626
16%
28Ronny BorchersDeutschland10.08.195716924
16%
41Willi NeubergerDeutschland15.04.194626718
16%
31Werner LorantDeutschland21.11.194813421
11%
21Horst HeeseDeutschland31.12.194310827
9%
20Janusz TurowskiPolen07.02.196110528
9%
29Lothar SchämerDeutschland28.04.194021624
9%
34Lothar SippelDeutschland09.05.19656918
9%
37Oskar LotzDeutschland23.04.19409718
9%
7Rüdiger WenzelDeutschland03.06.195313051
9%
17Wolfgang KrausDeutschland20.08.195318930
9%
8Wolfgang SolzDeutschland12.02.194011346
9%
45Georg LechnerDeutschland18.08.19414516
7%
24Jürgen KalbDeutschland20.05.194818526
7%
40Roland WeidleDeutschland01.01.194919818
7%
35Thomas ParitsÖsterreich07.10.19467418
7%
50Thomas RohrbachDeutschland04.04.194913416
7%
49Jan SvenssonSchweden24.04.19569616
5%
46Klaus BeverungenDeutschland24.09.19516116
5%
14Walter BechtoldDeutschland25.07.19477433
4%

Verteilung der Resultate

Perzentil nach korrekt beantworteten Fragen

Anzahl Personen mit jedem Resultat

Ihre Resultats-Entwicklung

Sie haben dieses Quiz noch nicht gespielt